| 000 | 01233cam a22003497a 4500 | ||
|---|---|---|---|
| 003 | CHAP | ||
| 005 | 20220817043131.0 | ||
| 008 | 971013s1980 r 00010 d | ||
| 010 | _a66505 | ||
| 011 | _a67477 | ||
| 035 | _a76947 | ||
| 040 | _cCHAP | ||
| 090 | _aFolleto 12212 | ||
| 100 | 0 | 0 |
_aMendoza Ramírez, Manuel. _974727 |
| 245 | 1 | 4 | _aUna aplicación del diseño de parcelas divididas con dos criterios principales |
| 260 |
_aMéxico : _bUNAM. Facultad de Ciencias. Departamento de Matemáticas, _c1980 |
||
| 300 | _a31 p. | ||
| 490 | 0 |
_aComunicación interna. Comunicaciones técnicas e investigación _v; 7 |
|
| 500 | _a28-117 | ||
| 590 |
_aBATCH-UPD _b10 _c20130110 _lUCH01 _h0434 |
||
| 590 |
_aBATCH-UPD _b10 _c20130110 _lUCH01 _h2115 |
||
| 590 |
_aBATCH-UPD _b10 _c20130410 _lUCH01 _h0110 |
||
| 590 |
_aBATCH-UPD _b10 _c20130914 _lUCH01 _h1023 |
||
| 590 |
_aCONVERSION _b10 _c20130109 _lUCH01 _h1337 |
||
| 650 | 1 | 4 |
_aDiseños experimentales. _932735 |
| 650 | 1 | 4 |
_aParcelas experimentales. _985485 |
| 700 | 0 |
_aValencia, Gustavo J. _9117454 |
|
| 830 | 0 |
_aComunicación interna comunicaciones técnicas e investigación _v; 7 |
|
| 901 | _aBK | ||
| 942 | _cFOLL | ||
| 949 |
_aFolleto 12212 _bBC _cFOLL _d-29806 _eTS1 _i76947 _si |
||
| 999 |
_c66505 _d66505 |
||